[Event "ARM-chT"]
[Site "Yerevan"]
[Date "2007.03.15"]
[Round "2"]
[White "Minasian, Ara"]
[Black "Asrian, Karen"]
[Result "1/2-1/2"]
[WhiteElo "2457"]
[BlackElo "2634"]
[PlyCount "42"]
[EventDate "2007.03.14"]
[EventType "team"]
[EventRounds "5"]
[EventCountry "ARM"]
[SourceTitle "CBM 117 Extra"]
[Source "ChessBase"]
[SourceDate "2007.05.09"]
[SourceVersion "1"]
[SourceVersionDate "2007.05.09"]
[SourceQuality "1"]

1. e4 c6 2. c4 d5 3. exd5 Nf6 4. Nc3 cxd5 5. d4 Nc6 6. Bg5 e6 7. cxd5 exd5 8. Bb5 Be7 9. Nge2 0-0 10. 0-0 h6 11. Bh4 Qb6 12. Rc1 Bd7 13. Ba4 Be6 14. Bxc6 bxc6 15. Na4 Qa6 16. Re1 Bb4 17. Nec3 Nd7 18. a3 Bd6 19. Bg3 Be7 20. Ne2 Bf5 21. Nc5 Nxc5 1/2-1/2

[Event "ARM-ch"]
[Site "Yerevan"]
[Date "2007.01.22"]
[Round "7"]
[White "Petrosian, Tigran L"]
[Black "Minasian, Ara"]
[Result "1-0"]
[WhiteElo "2592"]
[BlackElo "2457"]
[PlyCount "73"]
[EventDate "2007.01.16"]
[EventType "tourn"]
[EventRounds "11"]
[EventCountry "ARM"]
[EventCategory "11"]
[SourceTitle "CBM 116 Extra"]
[Source "ChessBase"]
[SourceDate "2007.03.07"]
[SourceVersion "1"]
[SourceVersionDate "2007.03.07"]
[SourceQuality "1"]

1. e4 e5 2. Nf3 Nc6 3. Bb5 Nf6 4. 0-0 Nxe4 5. Qe1 Ng5 6. Nxg5 Qxg5 7. d4 Qe7 8. dxe5 Nxe5 9. f4 Ng4 10. Qg3 Qc5+ 11. Kh1 Qxb5 12. Re1+ Kd8 13. Qxg4 d6 14. Qh4+ f6 15. b3 Bd7 16. c4 Qf5 17. Nc3 Bc6 18. Bb2 Kd7 19. b4 b6 20. Ne2 h5 21. Nd4 Qg4 22. Qf2 Bb7 23. Re3 h4 24. h3 Qh5 25. Rae1 a5 26. b5 d5 27. Ne6 dxc4 28. f5 Bd6 29. Nxc7 Qf7 30. Ne6 Kc8 31. Rc3 Bd5 32. Qxb6 Bb4 33. Rxc4+ Bxc4 34. Rc1 Qb7 35. Qd4 Qxb5 36. Rxc4+ Kb8 37. Qf4+ 1-0

[Event "ARM-ch"]
[Site "Yerevan"]
[Date "2007.01.21"]
[Round "6"]
[White "Minasian, Ara"]
[Black "Kotanjian, Tigran"]
[Result "1/2-1/2"]
[WhiteElo "2457"]
[BlackElo "2524"]
[PlyCount "201"]
[EventDate "2007.01.16"]
[EventType "tourn"]
[EventRounds "11"]
[EventCountry "ARM"]
[EventCategory "11"]
[SourceTitle "CBM 116 Extra"]
[Source "ChessBase"]
[SourceDate "2007.03.07"]
[SourceVersion "1"]
[SourceVersionDate "2007.03.07"]
[SourceQuality "1"]

1. e4 c5 2. Nf3 d6 3. Bb5+ Nd7 4. 0-0 Ngf6 5. Re1 a6 6. Bf1 b6 7. d3 Bb7 8. Nbd2 e5 9. c3 Be7 10. d4 cxd4 11. cxd4 0-0 12. a3 exd4 13. Nxd4 Re8 14. b4 Bf8 15. f3 d5 16. exd5 Nxd5 17. Ne4 Ne5 18. Bb2 g6 19. Qb3 Nf4 20. Rad1 Bd5 21. Qc2 Bg7 22. Qd2 Qh4 23. Qf2 Qxf2+ 24. Nxf2 Nc4 25. Rxe8+ Rxe8 26. Bc1 Ne3 27. Bxe3 Rxe3 28. g3 Ne6 29. Nc2 Rc3 30. Rxd5 Rxc2 31. Ne4 f5 32. Rd6 Nd4 33. Ng5 Kf8 34. Ne6+ Nxe6 35. Rxe6 Kf7 36. Rd6 Ke7 37. Rd1 b5 38. f4 Bb2 39. Rd3 Rc1 40. Kf2 Ra1 41. Rb3 Bxa3 42. Bg2 Ra2+ 43. Kf1 Bc1 44. Bd5 Ra4 45. Ke2 Ba3 46. Re3+ Kf8 47. Rc3 Bxb4 48. Rc7 h6 49. Rf7+ Ke8 50. Rf6 Bc5 51. Rxg6 Rd4 52. Bb7 a5 53. Ra6 a4 54. Bc6+ Ke7 55. Bxb5 a3 56. Bd3 Rb4 57. Bxf5 Rb2+ 58. Kf3 a2 59. Be6 a1Q 60. Rxa1 Kxe6 61. Ra6+ Bd6 62. h4 Rb5 63. Ra8 h5 64. Rh8 Be7 65. Rh6+ Bf6 66. Rh7 Bd8 67. Rh6+ Kf7 68. Rd6 Bf6 69. Rd3 Rb1 70. g4 Rf1+ 71. Kg2 Rxf4 72. gxh5 Ke6 73. h6 Be5 74. Rf3 Rg4+ 75. Kh3 Rg6 76. h5 Rxh6 77. Kg4 Rh8 78. Rh3 Rg8+ 79. Kf3 Rf8+ 80. Kg4 Rf4+ 81. Kg5 Rf1 82. Kg4 Rf4+ 83. Kg5 Rf2 84. Kg4 Rg2+ 85. Kf3 Rg7 86. h6 Rh7 87. Kg4 Kf6 88. Rh5 Bd4 89. Rf5+ Ke6 90. Ra5 Be3 91. Ra6+ Ke5 92. Kh5 Bd2 93. Rb6 Rh8 94. Rc6 Bf4 95. Ra6 Kf5 96. Ra5+ Be5 97. Rxe5+ Kxe5 98. Kg6 Rg8+ 99. Kf7 Ra8 100. h7 Kf5 101. Kg7 1/2-1/2